|
|
|
|
| LEADER |
02778cam a2200433Ia 4500 |
| 001 |
ocn166253052 |
| 003 |
OCoLC |
| 005 |
20100917015550.0 |
| 006 |
m d |
| 007 |
cr cn||||||||| |
| 008 |
070822s2006 ne ob 000 0 eng d |
| 020 |
|
|
|a 9781849504157 (electronic bk.) :
|c € 87.95 ; $111.95
|
| 020 |
|
|
|a 1849504156 (electronic bk.) :
|c € 87.95 ; $111.95
|
| 020 |
|
|
|z 0762313145 (hbk.)
|
| 040 |
|
|
|a N$T
|b eng
|c N$T
|d YDXCP
|d OCLCQ
|d MERUC
|d ZJC
|d GrThAP
|
| 043 |
|
|
|a n-us---
|
| 050 |
1 |
4 |
|a JZ1318
|b .G58 2006
|
| 072 |
|
7 |
|a JFFS
|2 bicssc
|
| 072 |
|
7 |
|a SOC026000
|2 bisacsh
|
| 080 |
|
|
|a 316.33
|
| 082 |
0 |
4 |
|a 327.73009049
|2 22
|
| 245 |
0 |
0 |
|a Globalization between the Cold War and neo-imperialism
|h [electronic resource] /
|c edited by Jennifer M. Lehmann ; special volume editor, Harry F. Dahms.
|
| 260 |
|
|
|a Amsterdam ;
|a Oxford :
|b Elsevier JAI,
|c 2006.
|
| 300 |
|
|
|a 1 online resource (xvi, 278 p.)
|
| 490 |
1 |
|
|a Current perspectives in social theory,
|x 0278-1204 ;
|v v. 24
|
| 504 |
|
|
|a Includes bibliographical references.
|
| 520 |
|
|
|a This work contains an Introduction by Harry F. Dahms. It includes contents such as: Periodizing Globalization: From Cold War Modernization to the Bush Doctrine Robert J. Antonio and Alessandro Bonanno; Recognizing Empire: Alienation, Authority, and Delusions of Grandeur David Norman Smith; Corporate Warriors: Changing Forms of Private Armed Force in America Harry W. Isaac and Daniel M. Harrison; From Exceptionalism to Imperialism: Culture, Character and American Foreign Policy Lauren Langman and Meghan Burke; 9.11.01 and Its Global Aftermath: Empire Strikes Back? Timothy Luke. It also includes commentaries - Globalization and Social Justice: Working the Tensions of the Dialectics of National Character Karen Monkman; Neoliberalism and its Discontents: Comments on Three Views of the American Empire Barney Warf. It includes five chapters and two commentaries from some of the most respected personalities in the field. It takes a broad and diverse look at the development of globalization.
|
| 588 |
|
|
|a Description based on print version record.
|
| 650 |
|
0 |
|a Globalization
|x Political aspects.
|
| 650 |
|
0 |
|a Globalization
|x Social aspects.
|
| 650 |
|
7 |
|a Globalization.
|2 bicssc
|
| 650 |
|
7 |
|a Social Science
|x Sociology
|x General.
|2 bisacsh
|
| 651 |
|
0 |
|a United States
|x Foreign relations
|y 1989-
|
| 700 |
1 |
|
|a Lehmann, Jennifer M.,
|d 1956-
|
| 700 |
1 |
|
|a Dahms, Harry F.
|
| 776 |
0 |
8 |
|i Print version:
|t Globalization between the Cold War and neo-imperialism.
|d Amsterdam ; Oxford : Elsevier JAI, 2006
|z 0762313145
|z 9780762313143
|w (OCoLC)68771094
|
| 830 |
|
0 |
|a Current perspectives in social theory ;
|v v. 24.
|
| 856 |
4 |
0 |
|u http://www.emeraldinsight.com/0278-1204/24
|z Full Text via HEAL-Link
|
| 913 |
|
|
|1 SSbacklist
|